Благополучие универсальных потребителей и потребительские инновации; Информационные технологии в науке, управлении, социальной сфере и медицине; Ч. 2

Détails bibliographiques
Parent link:Информационные технологии в науке, управлении, социальной сфере и медицине: сборник научных трудов III Международной научной конференции, 23-26 мая 2016 г., Томск.— , 2016
Ч. 2.— 2016.— [С. 582-585]
Auteur principal: Жиронкин С. А. Сергей Александрович
Collectivité auteur: Национальный исследовательский Томский политехнический университет (ТПУ) Институт социально-гуманитарных технологий (ИСГТ) Кафедра экономики (ЭКОН)
Autres auteurs: Барышева Г. А. Галина Анзельмовна, Барчук А. Д.
Résumé:Заглавие с титульного экрана
Today, creativity is becoming a major feature, both of producers and consumers, based on which the innovations are born. The employees of firms as well as and consumers themselves become a generator of innovation. Today, the world's leading manufacturers carried out "mass customization" - a permanent process of adaptation of producing goods to the consumers requirements. As a result, the mass customization and innovative development of modern industry and the service sector, delivers sufficient market group of universal consumers. Their main difference is a large amount of information about market innovations and neglecting of attachment to some specific brands. It makes the synergy of information exchange and the production of goods, which puts social welfare to a new level.
Langue:russe
Publié: 2016
Collection:Оценка и моделирование социального благополучия населения
Sujets:
Accès en ligne:http://earchive.tpu.ru/handle/11683/31539
Format: Électronique Chapitre de livre
KOHA link:https://koha.lib.tpu.ru/cgi-bin/koha/opac-detail.pl?biblionumber=619804

MARC

LEADER 00000naa2a2200000 4500
001 619804
005 20240105130136.0
035 |a (RuTPU)RU\TPU\conf\18240 
035 |a RU\TPU\conf\18239 
090 |a 619804 
100 |a 20160901d2016 k y0rusy50 ca 
101 0 |a rus 
102 |a RU 
105 |a y z 101zy 
135 |a drcn ---uucaa 
181 0 |a i  
182 0 |a b 
200 1 |a Благополучие универсальных потребителей и потребительские инновации  |d The well-being of universal consumers and consumer innovations  |f С. А. Жиронкин, Г. А. Барышева, А. Д. Барчук 
203 |a Текст  |c электронный 
225 1 |a Оценка и моделирование социального благополучия населения 
300 |a Заглавие с титульного экрана 
320 |a [Библиогр.: с. 584-585 (11 назв.)] 
330 |a Today, creativity is becoming a major feature, both of producers and consumers, based on which the innovations are born. The employees of firms as well as and consumers themselves become a generator of innovation. Today, the world's leading manufacturers carried out "mass customization" - a permanent process of adaptation of producing goods to the consumers requirements. As a result, the mass customization and innovative development of modern industry and the service sector, delivers sufficient market group of universal consumers. Their main difference is a large amount of information about market innovations and neglecting of attachment to some specific brands. It makes the synergy of information exchange and the production of goods, which puts social welfare to a new level. 
461 1 |0 (RuTPU)RU\TPU\conf\17281  |t Информационные технологии в науке, управлении, социальной сфере и медицине  |o сборник научных трудов III Международной научной конференции, 23-26 мая 2016 г., Томск  |o в 2 ч.  |d 2016 
463 1 |0 (RuTPU)RU\TPU\conf\17287  |t Ч. 2  |f Национальный исследовательский Томский политехнический университет (ТПУ) ; под ред. О. Г. Берестневой [и др.]  |v [С. 582-585]  |d 2016 
510 1 |a The well-being of universal consumers and consumer innovations  |z eng 
610 1 |a труды учёных ТПУ 
610 1 |a электронные ресурсы 
610 1 |a инновации 
610 1 |a информация 
610 1 |a социальное благополучие 
610 1 |a потребители 
610 1 |a условия жизни 
700 1 |a Жиронкин  |b С. А.  |c экономист  |c профессор Томского политехнического университета, доктор экономических наук  |f 1975-  |g Сергей Александрович  |3 (RuTPU)RU\TPU\pers\33504  |9 17172 
701 1 |a Барышева  |b Г. А.  |c экономист  |c профессор Томского политехнического университета, доктор экономических наук  |f 1961-  |g Галина Анзельмовна  |3 (RuTPU)RU\TPU\pers\25765  |9 11658 
701 1 |a Барчук  |b А. Д. 
712 0 2 |a Национальный исследовательский Томский политехнический университет (ТПУ)  |b Институт социально-гуманитарных технологий (ИСГТ)  |b Кафедра экономики (ЭКОН)  |3 (RuTPU)RU\TPU\col\18375 
801 2 |a RU  |b 63413507  |c 20160912  |g RCR 
856 4 |u http://earchive.tpu.ru/handle/11683/31539 
942 |c BK